000 00930nas a2200301 4500
001 BR0701111
003 BR-BrBNA
005 20231205110623.0
007 ta
008 230509b bl.|||p| |||| 00| 00por d
040 _aBR-BrBNA
_bpor
_cBiblioteca Nacional de Agricultura
041 _a(Pt)
072 _aF04; F61
100 1 _aBrizola, R.M. de O.
100 1 _aLeonel, S.
100 1 _aTecchio, M.A.
100 1 _aHora, R.C. da
245 1 _aTeores de macronutrientes em pecíolos e folhas de figueira (Ficus carica L.)em função da adubação potássica
650 _aFIGO
650 _aFERTILIZANTE POTÁSSICO
650 _aFOLHA
650 _aANÁLISE FOLIAR
650 _aABSORÇÃO DE NUTRIENTES
650 _aVALOR NUTRITIVO
773 0 _tCiência e Agrotecnologia (Brazil)
_xISSN 1413-7054
_g(2005), v. 29(3) p. 610-616
_wBR0701111
909 _a202311
_bLúcia
_c55
_dLúcia Elande
942 _2AGRIS
_n0
_cANA
999 _c188213
_d188213